The Fifth Domain (Record no. 350701)
[ view plain ]
| 000 -LEADER | |
|---|---|
| fixed length control field | 00523nam a2200169Ia 4500 |
| 008 - FIXED-LENGTH DATA ELEMENTS--GENERAL INFORMATION | |
| fixed length control field | 230718s9999 xx 000 0 und d |
| 020 ## - INTERNATIONAL STANDARD BOOK NUMBER | |
| International Standard Book Number | 9780525561965 |
| 041 ## - LANGUAGE CODE | |
| Language code of text/sound track or separate title | eng |
| 082 ## - DEWEY DECIMAL CLASSIFICATION NUMBER | |
| Classification number | 363.325 |
| Item number | CLA |
| 100 ## - MAIN ENTRY--PERSONAL NAME | |
| Personal name | Clarke R.A. |
| 9 (RLIN) | 201862 |
| 245 ## - TITLE STATEMENT | |
| Title | The Fifth Domain |
| Remainder of title | Defending Our Country,Our Companies,And Ourselves In The Age Of Cyber Threats |
| 260 ## - PUBLICATION, DISTRIBUTION, ETC. (IMPRINT) | |
| Date of publication, distribution, etc. | 2019 |
| Name of publisher, distributor, etc. | Penguin Press |
| 300 ## - PHYSICAL DESCRIPTION | |
| Extent | 344 |
| 365 ## - TRADE PRICE | |
| Currency code | Rs. |
| Price amount | 699.00 |
| 700 ## - ADDED ENTRY--PERSONAL NAME | |
| Personal name | Clarke R.A. |
| 9 (RLIN) | 201862 |
| 906 ## - LOCAL DATA ELEMENT F, LDF (RLIN) | |
| d | O:0680409-Dec-2019B:09727-Nov-2019 |
| c | GENRL |
| b | 174.75 |
| Withdrawn status | Lost status | Damaged status | Not for loan | Home library | Current library | Date acquired | Vendor | Budget Code | Cost, normal purchase price | Bill number | Total Checkouts | Full call number | Barcode | Date last seen | Date last checked out | Discount | Cost, replacement price | Bill Date | Koha item type | Original Barcode |
|---|---|---|---|---|---|---|---|---|---|---|---|---|---|---|---|---|---|---|---|---|
| Cummins College of Engineering for Women Pune | Cummins College of Engineering for Women Pune | 09/12/2019 | Shiv Book Center | GENRL | 524.25 | 97 | 3 | 363.325 | CCEP-BK-61908 | 30/11/2023 | 31/10/2023 | 174.75 | 699.00 | 27/11/2019 | Books | 061908 |